Top 300 Girls Names Ending in -A Sound 1930 Quiz Stats

Quiz not verified by Sporcle

Also try: Circular Logos II
Challenge
Share
Tweet
Embed
Score 0/302 Timer 20:00
0 Plays Today
Hint Answer % Correct
AAnna
95%
PPatricia
94.4%
MMaria
94.4%
VVictoria
91.9%
SSarah
90.6%
LLaura
90.6%
RRosa
90.6%
EEmma
90%
JJulia
90%
EElla
90%
NNora
89.4%
DDiana
88.1%
BBarbara
86.9%
VVera
86.9%
EEva
86.3%
DDonna
85.6%
A/EAmelia
85.6%
GGloria
83.8%
OOlivia
83.8%
CClara
83.1%
AAngela
83.1%
CCarla
83.1%
VVirginia
82.5%
MMartha
82.5%
TTheresa
82.5%
NNina
82.5%
VVeronica
82.5%
WWanda
81.9%
PPaula
81.9%
LLinda
81.9%
CChristina
81.9%
AAva
80.6%
DDora
80%
CCora
80%
IIsabella
79.4%
IIda
78.8%
LLena
78.8%
RRita
78.1%
AAlicia
77.5%
LLeah
76.9%
AAndrea
76.3%
GGeorgia
75.6%
WWilma
75%
AAlma
73.8%
RRebecca
73.8%
AAda
73.1%
AAngelina
73.1%
SSandra
73.1%
HHelena
73.1%
JJoanna
72.5%
AAmanda
72.5%
TTina
72.5%
LLola
71.3%
EElena
71.3%
LLouisa
71.3%
PPamela
71.3%
NNorma
70.6%
VViola
70.6%
LLila
70.6%
BBertha
70%
LLucia
70%
DDana
70%
EEdna
69.4%
SStella
69.4%
CCarolina
68.8%
LLydia
68.1%
VValeria
66.9%
J/WJuanita
65.6%
RRoberta
65.6%
VVelma
65.6%
TThelma
64.4%
EElsa
64.4%
CCynthia
63.8%
HHannah
63.8%
CCecilia
63.1%
EEliza
63.1%
AAnita
62.5%
SSophia
62.5%
LLoretta
61.3%
MMonica
60.6%
SSylvia
60%
EErma
60%
FFlora
58.8%
WWilla
58.1%
RRegina
57.5%
GGreta
57.5%
HHilda
56.3%
CClaudia
55.6%
YYolanda
55%
GGlenda
55%
MMarcia
54.4%
ZZelda
54.4%
EElisa
54.4%
MMyra
53.1%
EEtta
52.5%
MMona
52.5%
RRhoda
52.5%
EEstella
52.5%
CCamilla
52.5%
CCelia
51.9%
OOlga
51.3%
Hint Answer % Correct
IIva
51.3%
MMatilda
51.3%
DDelia
51.3%
DDeborah
51.3%
PPriscilla
50.6%
MMargarita
50%
LLelia
50%
MMina
50%
LLucinda
49.4%
MMarianna
48.8%
HHenrietta
48.1%
SSheila
48.1%
RRamona
47.5%
UUrsula
47.5%
LLeona
46.9%
SSonia
46.9%
GGeorgina
46.9%
LLorena
46.3%
FFelicia
45.6%
IIna
45%
LLula
44.4%
DDorothea
44.4%
DDella
43.8%
RRena
43.8%
MMartina
43.8%
AAudra
43.8%
AAgatha
43.1%
AAurora
42.5%
AAntonia
41.9%
AAlberta
41.3%
I/AIdella
40.6%
VVerna
40%
LLorna
40%
NNola
40%
FFreda
39.4%
WWilhelmina
39.4%
JJuana
38.8%
IIra
38.8%
BBonita
38.1%
OOphelia
36.9%
SSelma
36.3%
OOra
35%
EElma
34.4%
EElva
33.8%
MMyrna
33.8%
EElvira
33.1%
OOla
32.5%
BBeulah
31.9%
NNella
31.9%
RReba
30.6%
MMagdalena
30.6%
EEugenia
30%
EEdwina
30%
AAlva
29.4%
DDena
29.4%
EEula
28.8%
CCordelia
28.8%
LLeila
28.1%
AAugusta
28.1%
IIma
26.3%
NNona
25.6%
JJosefina
25.6%
CCornelia
25%
UUna
25%
OOna
25%
EEleanora
25%
CCarmela
24.4%
EEvangelina
24.4%
GGeneva
23.1%
IIla
23.1%
RRowena
23.1%
BBerta
23.1%
GGeorgianna
23.1%
RRosetta
22.5%
WWinona
22.5%
MMarcella
21.9%
LLenora
21.9%
CCatalina
21.9%
ZZora
21.9%
VVida
21.3%
OOma
20.6%
MMelba
20%
LLela
20%
LLuella
19.4%
GGlenna
19.4%
AAlfreda
19.4%
AAlta
18.8%
ZZelma
18.8%
ZZella
18.1%
NNita
18.1%
TTheodora
17.5%
LLona
17.5%
EEloisa
17.5%
LLita
17.5%
LLucretia
17.5%
GGilda
16.9%
ZZola
16.9%
NNova
16.9%
NNeva
16.3%
EElda
16.3%
RRhea
16.3%
Hint Answer % Correct
EErnestina
15.6%
LLeonora
15.6%
AAurelia
15%
LLolita
15%
BBenita
15%
RReva
14.4%
AAlthea
14.4%
RRoma
14.4%
FFrancisca
14.4%
AAnnetta
14.4%
MMarietta
13.8%
EErna
13.8%
OOdessa
13.1%
MMelva
13.1%
MMinerva
13.1%
LLeola
12.5%
PPetra
12.5%
VVelda
12.5%
AAlda
12.5%
AAmalia
12.5%
VVonda
12.5%
EElnora
11.9%
P/FPhilomena
11.9%
RRosina
11.9%
LLeora
11.3%
AAlvina
11.3%
LLadonna
11.3%
NNila
11.3%
IImelda
10.6%
LLeta
10%
VVada
10%
VVerona
10%
MMarva
10%
NNelda
9.4%
LLetha
9.4%
IIona
9.4%
EEsperanza
9.4%
MManuela
9.4%
LLeota
8.8%
MMadonna
8.8%
AAngelita
8.8%
LLaverna
8.8%
RRosella
8.1%
VVerla
8.1%
EElna
8.1%
VVesta
7.5%
NNedra
7.5%
LLavina
7.5%
EEulalia
7.5%
WWillia
7.5%
LLura
6.9%
MMagnolia
6.9%
OOrpha
6.9%
MMelvina
6.9%
WWilda
6.3%
DDortha
6.3%
VVerda
6.3%
DDelma
6.3%
RRutha
6.3%
IIola
5.6%
BBelva
5.6%
RBernita
5.6%
TTreva
5%
AAlbertha
5%
EEra
5%
ZZula
5%
RRetha
4.4%
TTwila
4.4%
LLawanda
4.4%
CConcetta
3.8%
TTheda
3.8%
AAlbina
3.8%
EEldora
3.8%
DDorotha
3.1%
CCarmelita
3.1%
VVelva
3.1%
DDoretha
2.5%
EElida
2.5%
SSanta
2.5%
NNovella
1.9%
CCleta
1.9%
AAlpha
1.9%
NNeoma
1.9%
VVenita
1.9%
AAlmeda
1.9%
DDorla
1.3%
OOleta
1.3%
AArmida
1.3%
PPalma
1.3%
NNaoma
1.3%
HHortencia
0.6%
AArdella
0.6%
DDelphia
0.6%
NNada
0.6%
OOuida
0%
DDominga
0%
HHerminia
0%
LLavada
0%
AArvilla
0%
LLaquita
0%

You're not logged in!

Compare scores with friends on all Sporcle quizzes.
Join for Free
OR
Log In

You Might Also Like...

Show Comments

Extras

Created Aug 12, 2017ReportNominate
Tags:1930, 300, ending, girl, Girls Names, sound

Top Quizzes Today


Score Distribution

Your Account Isn't Verified!

In order to create a playlist on Sporcle, you need to verify the email address you used during registration. Go to your Sporcle Settings to finish the process.

Report this User

Report this user for behavior that violates our Community Guidelines.

Details: